[Event "?"]
[Site "ICC 5 0 01/20/98, Internet Ch"]
[Date "1998.??.??"]
[Round "?"]
[White "Brause"]
[Black "brit"]
[Result "1-0"]
[WhiteElo "2540"]
[BlackElo "1950"]
[PlyCount "93"]

1. Nc3 Nf6 2. e4 e5 3. Nf3 Nc6 4. Nxe5 Nxe5 5. d4 Ng6 6. e5 Ng8 7. Bc4 Bb4 8.
Qf3 d5 9. Bxd5 f5 10. Bxb7 Bxb7 11. Qxb7 Bxc3+ 12. bxc3 N8e7 13. Ba3 Qd5 14.
Rb1 Kf7 15. Bxe7 Nxe7 16. Qxd5+ Nxd5 17. Kd2 Rab8 18. c4 Nf4 19. g3 Ne6 20.
Rxb8 Rxb8 21. d5 Nc5 22. a3 Rb2 23. Ra1 Ne4+ 24. Kc1 Rb7 25. f3 Nc5 26. Rb1
Rxb1+ 27. Kxb1 g5 28. Kb2 Ke7 29. Kc3 Nd7 30. Kd4 h6 31. c5 Nb8 32. c6 h5 33.
d6+ cxd6 34. c7 Nc6+ 35. Kd5 Kd7 36. exd6 Na5 37. c4 f4 38. gxf4 gxf4 39. c5
Nb3 40. c6+ Kc8 41. h4 a5 42. d7+ Kxc7 43. a4 Nd2 44. Ke6 Ne4 45. fxe4 f3 46.
Ke7 f2 47. d8=Q+ 1-0

[Event "?"]
[Site "ICC 5 0 01/20/98, Internet Ch"]
[Date "1998.??.??"]
[Round "?"]
[White "Brause"]
[Black "WchessX"]
[Result "0-1"]
[WhiteElo "2535"]
[BlackElo "2775"]
[PlyCount "117"]

1. e4 e5 2. Nf3 Nc6 3. Nc3 Nf6 4. Nxe5 Nxe5 5. d4 Ng6 6. e5 Ng8 7. Bc4 d6 8.
Qf3 Qd7 9. O-O dxe5 10. dxe5 Nxe5 11. Re1 Bd6 12. Bf4 f6 13. Bb5 c6 14. Rad1
Qe6 15. Qg3 Kf8 16. Bxe5 Bxe5 17. f4 cxb5 18. fxe5 Qb6+ 19. Re3 Ne7 20. exf6
gxf6 21. Rd6 Nf5 22. Rxb6 Nxg3 23. Rxf6+ Kg7 24. Ref3 Bf5 25. hxg3 Kxf6 26. g4
b4 27. Nd5+ Ke6 28. Rxf5 Rag8 29. Nf4+ Kd6 30. Rf6+ Kd7 31. Nd3 Ke7 32. Rf5
Rxg4 33. Rb5 b6 34. Rxb4 Rxb4 35. Nxb4 Rf8 36. Nd5+ Kd6 37. c4 Rf7 38. b3 Kc5
39. a4 Kd4 40. Kh2 Rf1 41. Nc7 Kc3 42. Nb5+ Kxb3 43. Nxa7 Kxc4 44. Nc6 Ra1 45.
Ne5+ Kc5 46. Nd7+ Kc6 47. Ne5+ Kd6 48. Nc4+ Kc5 49. Ne5 Rxa4 50. Kg1 Kd4 51.
Nf3+ Ke3 52. Ng5 b5 53. Ne6 Rc4 54. Ng7 Rc1+ 55. Kh2 b4 56. Nf5+ Kd3 57. Kh3 b3
58. Kg4 b2 59. Kg5 0-1

[Event "?"]
[Site "ICC 5 0 01/20/98, Internet Ch"]
[Date "1998.??.??"]
[Round "?"]
[White "Brause"]
[Black "Mondakarof"]
[Result "1-0"]
[WhiteElo "2580"]
[BlackElo "1945"]
[PlyCount "31"]

1. e4 e5 2. Nf3 Nc6 3. Nc3 Nf6 4. Nxe5 Nxe5 5. d4 Nc6 6. d5 Nb8 7. e5 Ng8 8. d6
Nc6 9. Nb5 cxd6 10. exd6 Qf6 11. Nc7+ Kd8 12. Nxa8 Bxd6 13. c3 b6 14. Be3 Bb7
15. Qd2 h6 16. O-O-O 1-0

[Event "?"]
[Site "ICC 5 0 01/20/98, Internet Ch"]
[Date "1998.??.??"]
[Round "?"]
[White "Brause"]
[Black "brit"]
[Result "1/2-1/2"]
[WhiteElo "2440"]
[BlackElo "1970"]
[PlyCount "80"]

1. e4 e5 2. Nf3 Nc6 3. Nc3 Nf6 4. Nxe5 Nxe5 5. d4 Ng6 6. e5 Ng8 7. Bc4 Bb4 8.
Qf3 d5 9. Bxd5 f5 10. Bxb7 Bxc3+ 11. bxc3 Bxb7 12. Qxb7 N8e7 13. Ba3 O-O 14.
O-O Re8 15. Bc5 Qd5 16. Qxc7 Nf4 17. f3 Ne6 18. Qd6 Nxc5 19. Qxc5 Qxc5 20. dxc5
Rac8 21. f4 Rxc5 22. Rfd1 Nd5 23. g3 Nxc3 24. Rd7 a5 25. Kh1 Ne4 26. Rb1 Rxc2
27. Rbb7 Rxa2 28. Rxg7+ Kh8 29. Rxh7+ Kg8 30. Rbg7+ Kf8 31. Rd7 Kg8 32. Rhg7+
Kh8 33. Rb7 Rc8 34. Rh7+ Kg8 35. Rbg7+ Kf8 36. Rf7+ Kg8 37. Rhg7+ Kh8 38. Rh7+
Kg8 39. Rhg7+ Kh8 40. Rh7+ Kg8 1/2-1/2

[Event "?"]
[Site "ICC 5 0 01/20/98, Internet Ch"]
[Date "1998.??.??"]
[Round "?"]
[White "Brause"]
[Black "brit"]
[Result "1-0"]
[WhiteElo "2430"]
[BlackElo "1980"]
[PlyCount "65"]

1. e4 e5 2. Nf3 Nc6 3. Nc3 Nf6 4. Nxe5 Nxe5 5. d4 Ng6 6. e5 Ng8 7. Bc4 Bb4 8.
Qf3 f5 9. h4 d5 10. Bb3 Bxc3+ 11. bxc3 N8e7 12. Rb1 Be6 13. h5 Nf8 14. Ba4+ c6
15. Rxb7 Qa5 16. Qg3 Rg8 17. Bg5 Nd7 18. Bb3 h6 19. Bxe7 Kxe7 20. O-O Qa6 21.
Rb4 Qc8 22. c4 Nb6 23. cxd5 Nxd5 24. Ra4 Qc7 25. Ra6 Rab8 26. Bxd5 Bxd5 27.
Qa3+ Ke6 28. Rxa7 Qd8 29. Re1 g5 30. Rh7 Qf8 31. Rxh6+ Qxh6 32. Qd6+ Kf7 33.
Qxh6 1-0

[Event "?"]
[Site "ICC 5 0 01/20/98, Internet Ch"]
[Date "1998.??.??"]
[Round "?"]
[White "Brause"]
[Black "Adla"]
[Result "1-0"]
[WhiteElo "2430"]
[BlackElo "2425"]
[PlyCount "119"]

1. e4 e5 2. Nf3 Nc6 3. Nc3 Nf6 4. Nxe5 Nxe5 5. d4 Nc6 6. d5 Qe7 7. dxc6 dxc6 8.
Bd3 Be6 9. Qf3 O-O-O 10. Bg5 h6 11. Bxf6 Qxf6 12. Qxf6 gxf6 13. O-O-O h5 14.
Rhf1 Rg8 15. g3 h4 16. gxh4 Rh8 17. f4 Rxh4 18. f5 Bd7 19. Rh1 Bb4 20. Rdg1
Rdh8 21. h3 Kd8 22. Rg7 Ke7 23. Bc4 Be8 24. Nd1 Bc5 25. Bf1 Rxe4 26. Bd3 Reh4
27. Rg3 Bd7 28. Nc3 Bd6 29. Re3+ Kf8 30. Rf3 Be5 31. Ne4 b6 32. Nf2 c5 33. Re1
Bc6 34. Be4 Bxe4 35. Rxe4 Bd4 36. Rxh4 Rxh4 37. Ng4 c4 38. Kb1 c5 39. a4 a6 40.
c3 Be5 41. Ne3 b5 42. axb5 axb5 43. Nd5 b4 44. Kc2 b3+ 45. Kd2 Kg7 46. Ke3 Kh6
47. Kf2 Kg5 48. Ke3 Rh8 49. Ke2 Ra8 50. Nb6 Ra1 51. Nxc4 Rc1 52. Kd3 Rc2 53.
Ke4 Kh4 54. Kd5 Rh2 55. Kxc5 Rxh3 56. Rxh3+ Kxh3 57. Nxe5 fxe5 58. Kd5 f6 59.
c4 Kg3 60. Ke4 1-0

[Event "?"]
[Site "ICC 5 0 01/21/98, Internet Ch"]
[Date "1998.??.??"]
[Round "?"]
[White "Brause"]
[Black "loete"]
[Result "1-0"]
[WhiteElo "2545"]
[BlackElo "2105"]
[PlyCount "80"]

1. e4 e5 2. Nf3 Nc6 3. Nc3 Nf6 4. Nxe5 Nxe5 5. d4 Ng6 6. e5 Qe7 7. f4 d6 8. Be2
dxe5 9. fxe5 Nd7 10. O-O c6 11. Ne4 Qd8 12. Bc4 f6 13. exf6 Nxf6 14. Nxf6+ gxf6
15. Re1+ Be7 16. Bh6 Bf5 17. Bg7 Qd6 18. Bxh8 Nxh8 19. c3 O-O-O 20. Qf3 Bg6 21.
Re6 Qc7 22. Qh3 Kb8 23. Rae1 Bd6 24. Rxf6 c5 25. Bb3 cxd4 26. cxd4 Bb4 27. Rd1
Qe7 28. Qe6 Qxe6 29. Bxe6 Bc5 30. Rf4 Bb6 31. h3 Bc2 32. Rc1 Ng6 33. Rf7 Bxd4+
34. Kh1 Be4 35. Re1 Bc6 36. b3 Bc3 37. Rc1 Be5 38. Rcf1 Re8 39. Bd7 Bxd7 40.
Rxd7 Rc8 1-0

[Event "?"]
[Site "ICC 5 0 01/21/98, Internet Ch"]
[Date "1998.??.??"]
[Round "?"]
[White "Brause"]
[Black "MrsLovett"]
[Result "1-0"]
[WhiteElo "2530"]
[BlackElo "2680"]
[PlyCount "70"]

1. e4 e5 2. Nf3 Nc6 3. Nc3 Nf6 4. Nxe5 Nxe5 5. d4 Ng6 6. e5 Ng8 7. Bc4 Bb4 8.
Qf3 Bxc3+ 9. bxc3 Qe7 10. O-O Rb8 11. Re1 b5 12. Rb1 a6 13. Qg3 Ra8 14. Bd5 Ra7
15. a4 Bb7 16. Bg5 Qf8 17. Bxb7 Rxb7 18. axb5 axb5 19. Ra1 Rb8 20. e6 Qd6 21.
exd7+ Kxd7 22. Qg4+ Kc6 23. Ra6+ Rb6 24. Qe4+ Qd5 25. Qe8+ Kd6 26. Ra8 Qxg5 27.
Rd8+ Qxd8 28. Qxd8+ Kc6 29. d5+ Kb7 30. Re8 Re6 31. Qb8+ Ka6 32. dxe6 Nf6 33.
Rxh8 Nxh8 34. Qxh8 fxe6 35. Qxg7 Nd5 1-0

[Event "?"]
[Site "ICC 5 0 01/30/98, Internet Ch"]
[Date "1998.??.??"]
[Round "?"]
[White "Brause"]
[Black "Rakdol"]
[Result "1-0"]
[WhiteElo "2590"]
[BlackElo "2075"]
[PlyCount "65"]

1. e4 e5 2. Nf3 Nf6 3. Nc3 Nc6 4. Nxe5 Nxe5 5. d4 d6 6. dxe5 dxe5 7. Qxd8+ Kxd8
8. Bg5 Be7 9. O-O-O+ Ke8 10. Nb5 Bd8 11. Bxf6 gxf6 12. Nc3 c6 13. Bc4 Bb6 14.
f3 Ke7 15. a4 Be6 16. Bxe6 fxe6 17. Rd3 Rad8 18. Rhd1 f5 19. Rxd8 Rxd8 20. Rxd8
Bxd8 21. Kd2 Kf6 22. Nd1 Bb6 23. Ne3 Bxe3+ 24. Kxe3 h5 25. g3 Kg5 26. h4+ Kf6
27. b4 b5 28. a5 a6 29. Kf2 Kg6 30. g4 fxg4 31. fxg4 hxg4 32. Kg3 Kh5 33. c3
1-0

[Event "?"]
[Site "ICC 5 0 01/30/98, Internet Ch"]
[Date "1998.??.??"]
[Round "?"]
[White "Brause"]
[Black "mishah"]
[Result "1-0"]
[WhiteElo "2605"]
[BlackElo "2010"]
[PlyCount "65"]

1. e4 e5 2. Nf3 Nc6 3. Nc3 Nf6 4. Nxe5 Nxe5 5. d4 Ng6 6. e5 Ng8 7. Bc4 d5 8.
Bxd5 c6 9. Bb3 Be6 10. O-O Bb4 11. Ne4 Bxb3 12. axb3 Qd5 13. Qd3 a6 14. f4 f5
15. exf6 Nxf6 16. Nxf6+ gxf6 17. c3 Be7 18. Re1 O-O-O 19. f5 Ne5 20. Qe4 Qxe4
21. Rxe4 Bd6 22. dxe5 Bxe5 23. Bh6 Rhe8 24. Rae1 Rd7 25. Bf4 Rde7 26. Bxe5 fxe5
27. Kf2 Kd7 28. g4 h5 29. g5 Kd6 30. Rd1+ Kc7 31. f6 Rf7 32. Kg3 Rg8 33. Kh4
1-0

[Event "?"]
[Site "ICC 5 0 01/30/98, Internet Ch"]
[Date "1998.??.??"]
[Round "?"]
[White "Brause"]
[Black "Adla"]
[Result "1-0"]
[WhiteElo "2600"]
[BlackElo "2455"]
[PlyCount "31"]

1. e4 e5 2. Nf3 Nc6 3. Nc3 Nf6 4. Nxe5 Nxe5 5. d4 Nc6 6. d5 Bb4 7. dxc6 Nxe4 8.
Qd4 Qe7 9. Be3 O-O 10. Bd3 d5 11. Bxe4 dxe4 12. O-O Bxc3 13. Qxc3 bxc6 14. Bc5
Qe6 15. Bxf8 Kxf8 16. Rfd1 1-0

[Event "?"]
[Site "ICC 5 0 02/02/98, Internet Ch"]
[Date "1998.??.??"]
[Round "?"]
[White "Brause"]
[Black "Chewie"]
[Result "0-1"]
[WhiteElo "2620"]
[BlackElo "2775"]
[PlyCount "135"]

1. e4 e5 2. Nf3 Nc6 3. Nc3 Nf6 4. Nxe5 Nxe5 5. d4 Ng6 6. e5 Ng8 7. Bc4 d5 8.
Bxd5 N8e7 9. Bb3 Nf5 10. Ne2 Be7 11. O-O Nfh4 12. Qd3 O-O 13. g3 Nf5 14. Qe4
Qd7 15. Bd2 a5 16. Bc3 Qb5 17. d5 Nh6 18. e6 fxe6 19. a4 Qc5 20. dxe6 Qh5 21.
Qd4 Nf5 22. Qe4 Nd6 23. Qd4 Ne8 24. Rae1 Ra6 25. Qe4 Nf6 26. Bxf6 Rxf6 27. Nc3
Kh8 28. Nb5 Rb6 29. Nxc7 Qc5 30. Nd5 Rbxe6 31. Nxf6 Rxe4 32. Nxe4 Qd4 33. Nc3
Bh3 34. Rd1 Qf6 35. Rfe1 Bc5 36. Re2 Ne5 37. Rd5 Nf3+ 38. Kh1 Bf8 39. Re3 Nd4
40. Ne4 Qa6 41. c4 Qb6 42. Ng5 g6 43. Nxh3 Nxb3 44. Re8 Kg7 45. Rd7+ Kh6 46.
Rxf8 Qc6+ 47. Rd5 Qxc4 48. Rfd8 Qf1+ 49. Ng1 Qxf2 50. Rb5 Qe3 51. Kg2 Qe4+ 52.
Kf2 Qc2+ 53. Kf3 Qxb2 54. Ke3 Qc1+ 55. Kf2 Nd2 56. Ke2 Ne4 57. Kf3 Nc3 58. Rxa5
Qxg1 59. Re5 Qf1+ 60. Ke3 Qe2+ 61. Kf4 Qf2+ 62. Kg4 Ne4 63. Rde8 Nf6+ 64. Kh3
Qf1+ 65. Kh4 Qg2 66. h3 Qd2 67. Rh5+ gxh5 68. Re5 0-1

[Event "?"]
[Site "ICC 5 0 01/30/98, Internet Ch"]
[Date "1998.??.??"]
[Round "?"]
[White "Brause"]
[Black "Adla"]
[Result "1-0"]
[WhiteElo "2565"]
[BlackElo "2430"]
[PlyCount "71"]

1. e4 e5 2. Nf3 Nc6 3. Nc3 Nf6 4. Nxe5 Nxe5 5. d4 Ng6 6. e5 Ng8 7. Bc4 Bb4 8.
Qf3 Qe7 9. O-O Bxc3 10. bxc3 Nh6 11. g3 O-O 12. Qh5 d6 13. Bxh6 gxh6 14. exd6
cxd6 15. Rfb1 Qg5 16. Qf3 Rb8 17. Rb5 Qg4 18. Qf6 Bd7 19. Ra5 Bc6 20. Rf5 d5
21. f3 Qxf5 22. Qxf5 dxc4 23. f4 Rbd8 24. Qc5 Bd5 25. f5 b6 26. Qc7 Nh8 27.
Qxa7 f6 28. Qxb6 Nf7 29. Re1 Ng5 30. Kf1 Rd7 31. a4 Kg7 32. Qb5 Rff7 33. Re8
Ne4 34. Qb8 h5 35. Rh8 Kh6 36. Qg8 1-0

[Event "?"]
[Site "ICC 5 0 02/11/98, Internet Ch"]
[Date "1998.??.??"]
[Round "?"]
[White "Brause"]
[Black "Kiriakos"]
[Result "1/2-1/2"]
[WhiteElo "2565"]
[BlackElo "2050"]
[PlyCount "80"]

1. e4 e5 2. Nf3 Nc6 3. Nc3 Nf6 4. Nxe5 Nxe5 5. d4 Ng6 6. e5 Be7 7. Bc4 O-O 8.
exf6 Bxf6 9. Be3 c6 10. O-O d5 11. Bd3 Be6 12. b3 Qd7 13. Re1 Bf5 14. Na4 Bxd3
15. Qxd3 Rfe8 16. Nc5 Qc7 17. Re2 Be7 18. Rae1 Bxc5 19. dxc5 Qd7 20. a4 h6 21.
Qc3 a6 22. g3 Re6 23. Bd4 Rxe2 24. Rxe2 f6 25. Qe3 Kf7 26. Qf3 Re8 27. Qh5 Rxe2
28. Qxe2 Qf5 29. f3 Ne5 30. f4 Nd7 31. Kf2 h5 32. h4 g6 33. a5 Qe4 34. Qd1 f5
35. Qd2 Nf6 36. Qc3 Ng4+ 37. Kf1 Nh2+ 38. Kf2 Ng4+ 39. Kf1 Nh2+ 40. Kf2 Ng4+
1/2-1/2

[Event "?"]
[Site "ICC 5 0 02/11/98, Internet Ch"]
[Date "1998.??.??"]
[Round "?"]
[White "Brause"]
[Black "HPROL"]
[Result "1-0"]
[WhiteElo "2555"]
[BlackElo "2305"]
[PlyCount "41"]

1. e4 e5 2. Nf3 Nc6 3. Nc3 Nf6 4. Nxe5 Nxe5 5. d4 Nc6 6. d5 Ne5 7. f4 Ng6 8. e5
Ng8 9. d6 cxd6 10. exd6 Qf6 11. Nb5 Kd8 12. Be3 Qe6 13. Qd4 Nf6 14. Bc4 Qe4 15.
O-O-O Qxd4 16. Rxd4 a6 17. Re4 Be7 18. Bxf7 Nd5 19. Bxd5 Ke8 20. Nc7+ Kf8 21.
Bc5 1-0

[Event "?"]
[Site "ICC 5 0 03/10/98, Internet Ch"]
[Date "1998.??.??"]
[Round "?"]
[White "Brause"]
[Black "KnightAttack"]
[Result "1-0"]
[WhiteElo "2625"]
[BlackElo "2360"]
[PlyCount "145"]

1. e4 e5 2. Nf3 Nf6 3. Nc3 Nc6 4. Nxe5 Nxe5 5. d4 Ng6 6. e5 Ng8 7. Bc4 d6 8.
Qf3 Qd7 9. O-O dxe5 10. dxe5 Bc5 11. e6 fxe6 12. Rd1 Bd6 13. Bb5 c6 14. Ne4 Nh4
15. Qh5+ g6 16. Nxd6+ Qxd6 17. Rxd6 gxh5 18. Rxc6 bxc6 19. Bxc6+ Bd7 20. Bxa8
Ne7 21. Bg5 Nef5 22. Rd1 Rg8 23. Bf6 Rf8 24. Bc3 Bb5 25. a4 Bxa4 26. Be4 Bb5
27. Bb4 Rg8 28. g3 Rg4 29. f4 Kf7 30. Kf2 a6 31. Bc5 Ke8 32. c3 Kf7 33. b3 Ke8
34. c4 Bd7 35. Rd3 a5 36. Ke1 a4 37. bxa4 Bxa4 38. Ra3 Bd7 39. Kd2 Ng6 40. Bxf5
exf5 41. h3 Rxg3 42. Rxg3 Nxf4 43. Bd6 Ng6 44. Ke3 Be6 45. c5 h4 46. Rf3 Kd7
47. Kd4 Kc6 48. Re3 Bd5 49. Re2 f4 50. Rf2 f3 51. Rf1 h5 52. Rg1 Nh8 53. Be5 f2
54. Rf1 Nf7 55. Bf6 Be6 56. Rxf2 Nh6 57. Bg5 Nf7 58. Bxh4 Kd7 59. Re2 Bb3 60.
Rf2 Be6 61. Rf3 Nh6 62. Rf6 Nf5+ 63. Ke5 Nxh4 64. Rxe6 Ng2 65. Rf6 Ne3 66. c6+
Kc7 67. Kd4 Ng2 68. Kc5 Ne3 69. Rf3 h4 70. Rxe3 Kc8 71. Kd6 Kb8 72. Ra3 Kc8 73.
Ra8# 1-0

[Event "?"]
[Site "ICC 5 0 03/10/98, Internet Ch"]
[Date "1998.??.??"]
[Round "?"]
[White "Brause"]
[Black "Mijko"]
[Result "1-0"]
[WhiteElo "2635"]
[BlackElo "2375"]
[PlyCount "55"]

1. e4 e5 2. Nf3 Nc6 3. Nc3 Nf6 4. Nxe5 Nxe5 5. d4 Ng6 6. e5 Bb4 7. exf6 Qxf6 8.
Bc4 O-O 9. O-O Bxc3 10. bxc3 d6 11. Rb1 Rb8 12. Rb5 h6 13. Re1 Be6 14. Bxe6
fxe6 15. Be3 a6 16. Rb1 b5 17. Qe2 e5 18. a4 c6 19. Ra1 d5 20. axb5 axb5 21.
Ra7 Ra8 22. dxe5 Qxe5 23. Bd4 Qxe2 24. Rxg7+ Kh8 25. Rxg6+ Kh7 26. Rg7+ Kh8 27.
Re7+ Kg8 28. R7xe2 1-0

[Event "?"]
[Site "ICC 5 0 03/10/98, Internet Ch"]
[Date "1998.??.??"]
[Round "?"]
[White "Brause"]
[Black "KnightC"]
[Result "1-0"]
[WhiteElo "2600"]
[BlackElo "2420"]
[PlyCount "43"]

1. e4 e5 2. Nf3 Nf6 3. Nc3 Nc6 4. Nxe5 Nxe5 5. d4 Ng6 6. e5 Ng8 7. Bc4 d6 8.
Qf3 Qd7 9. h4 dxe5 10. h5 Nf4 11. dxe5 Ne6 12. Be3 Nd8 13. h6 Nxh6 14. Bxh6
gxh6 15. Nd5 Be7 16. Rd1 Kf8 17. Nxe7 Qxe7 18. Rxd8+ Kg7 19. Qh5 Bh3 20. Rxh3
Qe6 21. Bxe6 Raxd8 22. Qxf7# 1-0

[Event "?"]
[Site "ICC 5 0 01/22/98, Internet Ch"]
[Date "1998.??.??"]
[Round "?"]
[White "Brause"]
[Black "Doring"]
[Result "1-0"]
[WhiteElo "2545"]
[BlackElo "1905"]
[PlyCount "25"]

1. e4 e5 2. Nf3 Nc6 3. Nc3 Nf6 4. Nxe5 Nxe5 5. d4 Ng6 6. e5 Ng8 7. Bc4 Bb4 8.
Qf3 f6 9. O-O Bxc3 10. bxc3 N6e7 11. exf6 Nxf6 12. Bh6 Kf8 13. Qxf6+ 1-0

[Event "?"]
[Site "ICC 5 0 02/12/98, Internet Ch"]
[Date "1998.??.??"]
[Round "?"]
[White "Brause"]
[Black "MrsLovett"]
[Result "1/2-1/2"]
[WhiteElo "2500"]
[BlackElo "2750"]
[PlyCount "59"]

1. e4 e5 2. Nf3 Nc6 3. Nc3 Nf6 4. Nxe5 Nxe5 5. d4 Ng6 6. e5 Ng8 7. Bc4 d5 8.
Bxd5 c6 9. Bb3 Bb4 10. O-O N8e7 11. Ne4 O-O 12. c3 Ba5 13. Qh5 Nd5 14. Bg5 Qb6
15. Nd6 h6 16. Bd2 Qc7 17. f4 Bb6 18. Rae1 Rd8 19. Bc2 Nh8 20. f5 f6 21. Nxc8
Raxc8 22. exf6 Nxf6 23. Bb3+ Kh7 24. Qh4 Rf8 25. Be6 Rce8 26. g4 Ng8 27. Qh5
Nf6 28. Qh4 Ng8 29. Qh5 Nf6 30. Qh4 1/2-1/2

[Event "?"]
[Site "ICC 5 0 03/02/98, Internet Ch"]
[Date "1998.??.??"]
[Round "?"]
[White "Brause"]
[Black "KnightC"]
[Result "1/2-1/2"]
[WhiteElo "2530"]
[BlackElo "2375"]
[PlyCount "121"]

1. e4 e5 2. Nf3 Nf6 3. Nc3 Nc6 4. Nxe5 Nxe5 5. d4 Ng6 6. e5 Ng8 7. Bc4 d5 8.
Bxd5 Bb4 9. Qf3 Qd7 10. Bxb7 Bxb7 11. Qxb7 Bxc3+ 12. bxc3 Rc8 13. Ba3 N8e7 14.
Qxa7 Qc6 15. O-O Nf4 16. f3 Qxc3 17. Qa4+ c6 18. Bc5 Ne6 19. Ba7 Ra8 20. Qb3
Nxd4 21. Qb7 Rc8 22. Rfd1 c5 23. Kh1 Qxc2 24. Bb8 Rc6 25. Bd6 Ng6 26. Rac1 Qa4
27. Rxd4 cxd4 28. Qxc6+ Qxc6 29. Rxc6 Kd7 30. Rc4 Rc8 31. Rxc8 Kxc8 32. Kg1 Kd7
33. g3 f6 34. f4 fxe5 35. fxe5 Ke6 36. a4 Nxe5 37. Bb4 d3 38. Kf2 Ng4+ 39. Kg2
Kd5 40. a5 Kc4 41. Be1 Kb5 42. Bc3 Ne5 43. Kf2 Nc4 44. Bxg7 Kxa5 45. Bd4 Kb5
46. Bc3 Ka4 47. Bf6 Kb3 48. Bg5 d2 49. Bxd2 Nxd2 50. h3 Ne4+ 51. Kf3 Nc3 52.
Kf4 Nd5+ 53. Kg5 Kc3 54. Kh6 Nf6 55. Kg7 Ne4 56. Kxh7 Nxg3 57. Kh8 Nh5 58. Kg8
Ng3 59. Kh8 Nh5 60. Kg8 Ng3 61. Kh8 1/2-1/2

[Event "?"]
[Site "ICC 5 0 03/02/98, Internet Ch"]
[Date "1998.??.??"]
[Round "?"]
[White "Brause"]
[Black "SirJames"]
[Result "1-0"]
[WhiteElo "2505"]
[BlackElo "2060"]
[PlyCount "85"]

1. e4 e5 2. Nf3 Nc6 3. Nc3 Nf6 4. Nxe5 Nxe5 5. d4 Nc6 6. d5 Ne5 7. f4 Ng6 8. e5
Ng8 9. d6 cxd6 10. exd6 Qb6 11. Qe2+ Kd8 12. f5 Bxd6 13. fxg6 hxg6 14. h3 Nf6
15. Qf3 Re8+ 16. Be2 Bc5 17. Rf1 Be3 18. Kd1 Qd6+ 19. Bd3 Bxc1 20. Kxc1 a6 21.
Bc4 Re7 22. Nd5 Nxd5 23. Bxd5 Kc7 24. Bxf7 Rb8 25. Qc3+ Qc6 26. Qg3+ Qd6 27.
Qxd6+ Kxd6 28. Bxg6 b5 29. a4 b4 30. Kd2 Bb7 31. Rf2 Rc8 32. Re1 Rxe1 33. Kxe1
Bd5 34. Rd2 Ke5 35. Re2+ Kd6 36. g4 Rf8 37. Be4 Bc4 38. Rd2+ Ke7 39. Rd4 d5 40.
Bf5 Rh8 41. b3 Bxb3 42. cxb3 Rxh3 43. Rxb4 1-0

[Event "?"]
[Site "ICC 5 0 03/02/98, Internet Ch"]
[Date "1998.??.??"]
[Round "?"]
[White "Brause"]
[Black "KnightC"]
[Result "0-1"]
[WhiteElo "2510"]
[BlackElo "2360"]
[PlyCount "101"]

1. e4 e5 2. Nf3 Nf6 3. Nc3 Nc6 4. Nxe5 Nxe5 5. d4 Ng6 6. e5 Ng8 7. Bc4 d5 8.
Bxd5 c6 9. Be4 Be6 10. f4 Nh6 11. Qd3 Qd7 12. O-O Bf5 13. d5 Bxe4 14. Nxe4 cxd5
15. Rd1 Rd8 16. Qe3 Ng4 17. Qxa7 Qc6 18. Nd6+ Bxd6 19. exd6 Rxd6 20. h3 Nf6 21.
Re1+ Ne4 22. f5 Ne7 23. Bf4 Rd8 24. Qd4 Nxf5 25. Qe5+ Qe6 26. Qc7 Qf6 27. Qxb7
O-O 28. c3 Nh4 29. Rf1 Qg6 30. g4 h5 31. Kh2 hxg4 32. Qc7 Rc8 33. Qe5 Rb8 34.
b3 Nf3+ 35. Rxf3 gxf3 36. Rg1 Qh7 37. Qxd5 Ra8 38. a4 f2 39. Rf1 Rad8 40. Qb5
Nxc3 41. Qc4 Rd3 42. Bg3 Ne2 43. Bh4 Nd4 44. Bg3 Nf3+ 45. Kg2 Nd2 46. Qg4 Nxf1
47. Kxf1 Rxb3 48. Kg2 f1=Q+ 49. Kxf1 Qd3+ 50. Kg2 Qd5+ 51. Kf1 0-1

[Event "?"]
[Site "ICC 5 0 03/02/98, Internet Ch"]
[Date "1998.??.??"]
[Round "?"]
[White "Brause"]
[Black "KnightC"]
[Result "1/2-1/2"]
[WhiteElo "2505"]
[BlackElo "2375"]
[PlyCount "80"]

1. e4 e5 2. Nf3 Nf6 3. Nc3 Nc6 4. Nxe5 Nxe5 5. d4 Ng6 6. e5 Ng8 7. Bc4 d5 8.
Bxd5 c6 9. Be4 Be6 10. f4 Nh6 11. Qd3 Qh4+ 12. g3 Qd8 13. f5 Nxf5 14. Bxf5 Bxf5
15. Qxf5 Qxd4 16. e6 Qe5+ 17. Qxe5 Nxe5 18. exf7+ Nxf7 19. Rf1 Rd8 20. Rf4 Bc5
21. Re4+ Kf8 22. Na4 Bd4 23. c3 Bg1 24. Kf1 Rd1+ 25. Ke2 Rd5 26. Bf4 g5 27.
Rxg1 gxf4 28. Rxf4 Kg7 29. Rg4+ Ng5 30. h4 Re8+ 31. Kf1 Rf8+ 32. Kg2 Rd2+ 33.
Kh1 Rff2 34. Rxg5+ Kf6 35. Rb1 Rh2+ 36. Kg1 Rhg2+ 37. Kh1 Rh2+ 38. Kg1 Rhg2+
39. Kf1 Rgf2+ 40. Kg1 Rg2+ 1/2-1/2

[Event "?"]
[Site "ICC 5 0 03/02/98, Internet Ch"]
[Date "1998.??.??"]
[Round "?"]
[White "Brause"]
[Black "losch"]
[Result "1-0"]
[WhiteElo "2515"]
[BlackElo "2110"]
[PlyCount "65"]

1. e4 e5 2. Nf3 Nc6 3. Nc3 Nf6 4. Nxe5 Nxe5 5. d4 Ng6 6. e5 Ng8 7. Bc4 d5 8.
Bxd5 c6 9. Bb3 Bb4 10. O-O N8e7 11. Ne4 Nd5 12. Bg5 Be7 13. Nd6+ Kf8 14. Bxd5
cxd5 15. Qf3 Be6 16. Nxb7 Qb6 17. Bxe7+ Kxe7 18. Qa3+ Kd7 19. Nc5+ Kc8 20. Rac1
Kb8 21. c4 dxc4 22. Rxc4 Bxc4 23. Nd7+ Kb7 24. Nxb6 axb6 25. Qf3+ Ka7 26. Rc1
Rac8 27. Rxc4 Rxc4 28. Qxf7+ Kb8 29. Qxc4 Rc8 30. Qf1 Nf4 31. g3 Ne6 32. d5 Nd4
33. Qd3 1-0

[Event "?"]
[Site "ICC 5 0 03/11/98, Internet Ch"]
[Date "1998.??.??"]
[Round "?"]
[White "Brause"]
[Black "KnightC"]
[Result "1-0"]
[WhiteElo "2510"]
[BlackElo "2445"]
[PlyCount "155"]

1. e4 e5 2. Nf3 Nc6 3. Nc3 Nf6 4. Nxe5 Nxe5 5. d4 Ng6 6. e5 Ng8 7. Bc4 d6 8.
Qf3 Qd7 9. O-O dxe5 10. dxe5 Bc5 11. e6 fxe6 12. Rd1 Bd6 13. Bb5 c6 14. Ne4 Nh4
15. Qh5+ g6 16. Nxd6+ Qxd6 17. Rxd6 gxh5 18. Rxc6 bxc6 19. Bxc6+ Bd7 20. Bxa8
Ne7 21. Bg5 Nef5 22. Rd1 Rg8 23. Bf6 Rf8 24. Bc3 Bb5 25. a4 Bxa4 26. Be4 Bb5
27. Bb4 Rg8 28. g3 Rg4 29. f4 Kf7 30. Bc5 Kf6 31. Kf2 a6 32. Bb6 Kf7 33. Bc7 a5
34. Rd2 a4 35. c3 h6 36. Bd8 a3 37. bxa3 e5 38. Bxh4 Nxh4 39. h3 Rg7 40. gxh4
exf4 41. Rd5 Ba4 42. Rf5+ Ke6 43. Rxf4 Ke5 44. Ke3 Bd7 45. Bf3 Rg3 46. Re4+ Kf5
47. Rc4 Rxh3 48. Kf2 Be6 49. Bg2 Bxc4 50. Bxh3+ Kf4 51. a4 Ke5 52. a5 Kd6 53.
Bf1 Be6 54. Ke3 Kc5 55. Bd3 Bc8 56. Kf4 Bg4 57. Ke5 Bd7 58. Kf6 Bb5 59. Bxb5
Kxb5 60. Kg6 Kxa5 61. Kxh6 Kb5 62. Kxh5 Kc4 63. Kg5 Kd5 64. h5 Ke6 65. h6 Kf7
66. c4 Kf8 67. c5 Kf7 68. Kf5 Kf8 69. Kf6 Ke8 70. h7 Kd7 71. h8=Q Kc6 72. Qc8+
Kb5 73. c6 Kc5 74. c7 Kc6 75. Qb8 Kd5 76. Qb4 Kc6 77. c8=Q+ Kd5 78. Qcb7# 1-0

[Event "?"]
[Site "ICC 5 0 03/11/98, Internet Ch"]
[Date "1998.??.??"]
[Round "?"]
[White "Brause"]
[Black "rajah"]
[Result "1-0"]
[WhiteElo "2500"]
[BlackElo "2405"]
[PlyCount "39"]

1. e4 e5 2. Nf3 Nc6 3. Nc3 Nf6 4. Nxe5 Nxe5 5. d4 Ng6 6. e5 Ng8 7. Bc4 Bb4 8.
Qf3 Bxc3+ 9. bxc3 Qe7 10. O-O f6 11. exf6 Qxf6 12. Qh5 h6 13. f4 N8e7 14. f5
Qc6 15. Bb3 Qxc3 16. Ba3 Qxd4+ 17. Kh1 d6 18. fxg6 Kd8 19. Rae1 a5 20. Rf7 1-0

[Event "?"]
[Site "ICC 5 0 03/11/98, Internet Ch"]
[Date "1998.??.??"]
[Round "?"]
[White "Brause"]
[Black "ketchbee"]
[Result "1-0"]
[WhiteElo "2535"]
[BlackElo "2180"]
[PlyCount "131"]

1. e4 e5 2. Nf3 Nc6 3. Nc3 Nf6 4. Nxe5 Nxe5 5. d4 Ng6 6. e5 Bb4 7. exf6 Qxf6 8.
Bc4 O-O 9. O-O Bxc3 10. bxc3 c6 11. Ba3 Re8 12. Re1 Rd8 13. Qh5 d5 14. Bd3 Be6
15. Re3 h6 16. Bxg6 fxg6 17. Qe2 Re8 18. Re1 Kf7 19. Bd6 h5 20. Be5 Qe7 21.
Bxg7 Kxg7 22. Rxe6 Qxe6 23. Qxe6 Rxe6 24. Rxe6 Kf7 25. Re5 Rd8 26. h4 b6 27. f3
Kf6 28. g4 hxg4 29. fxg4 Rh8 30. h5 gxh5 31. gxh5 Rg8+ 32. Kf2 Rg4 33. Ke3 Rg2
34. Kd3 Rh2 35. a4 a5 36. Re8 Rxh5 37. Rc8 Rh3+ 38. Kd2 c5 39. dxc5 bxc5 40.
Rxc5 Ke6 41. Rxa5 Kd6 42. Rb5 Rh4 43. a5 Ra4 44. Ke3 Kc6 45. Rb6+ Kc5 46. Ra6
Kb5 47. Ra8 Kc6 48. Ra7 Kb5 49. Kd3 Kc5 50. Ra6 Kb5 51. Ra8 Kc5 52. a6 Kb6 53.
Rh8 Kxa6 54. Ra8+ Kb5 55. Rxa4 Kxa4 56. Kd4 Kb5 57. Kxd5 Kb6 58. c4 Kc7 59. c5
Kd7 60. c6+ Kc7 61. Kc5 Kc8 62. Kd6 Kd8 63. c7+ Kc8 64. c4 Kb7 65. Kd7 Kb6 66.
Kd6 1-0

[Event "?"]
[Site "ICC 5 0 04/01/98, Internet Ch"]
[Date "1998.??.??"]
[Round "?"]
[White "Brause"]
[Black "hamberger"]
[Result "1-0"]
[WhiteElo "2590"]
[BlackElo "1935"]
[PlyCount "37"]

1. e4 e5 2. Nf3 Nc6 3. Nc3 Nf6 4. Nxe5 Nxe5 5. d4 Bb4 6. dxe5 Bxc3+ 7. bxc3
Nxe4 8. Qg4 d5 9. Qxg7 Rf8 10. Bh6 Qe7 11. Bd3 Be6 12. Qxf8+ Qxf8 13. Bxf8 Kxf8
14. c4 Nc5 15. cxd5 Bxd5 16. Bxh7 Ke7 17. O-O Rh8 18. Bf5 Rg8 19. g3 1-0